Caricamento...
Kabeer/
| Autore principale: | |
|---|---|
| Natura: | Printed Book |
| Pubblicazione: |
Delhi:
Rajkamal Prakashan,
1968.
|
| LEADER | 00350 a2200109 4500 | ||
|---|---|---|---|
| 100 | |a Hazari Prasad Dwivedi | ||
| 245 | |a Kabeer/ |c Hazari Prasad Dwivedi | ||
| 260 | |a Delhi: |b Rajkamal Prakashan, |c 1968. | ||
| 300 | |a 181p. | ||
| 942 | |2 ddc |c BK | ||
| 999 | |c 240637 |d 240637 | ||
| 952 | |0 0 |1 0 |4 0 |7 0 |9 267107 |a HIN |b HIN |c ST1 |d 2011-10-19 |i 10306 |l 0 |p HIN10306 |r 2014-02-07 |w 2014-02-07 |y BK | ||